000 00519nam a2200181Ia 4500
999 _c14263
_d14263
003 OSt
005 20201023132428.0
008 190216s9999||||xx |||||||||||||| ||und||
020 _a9780586070369
040 _coclc
082 _a813.54
_bBRA/R
100 _aBradford, Barbara Taylor
_95659
245 0 _aRemember /
_cBarbara Taylor Bradford
260 _bHarper Collins Publishers ,
_a1993.
_cLondon:
300 _a475p
650 _aEnglish
942 _cBK
_2ddc
_h813.54
_iBRA/R
_k813.54
_mBRA/R